Obey Me Brother's Names - Statistics

General Stats
  • This quiz has been taken 39 times
  • The average score is 5 of 7
Answer Stats
Hint Answer % Correct
Pride Lucifer
100%
Greed Mammon
96%
Wrath Satan
96%
Gluttony Beelzebub
82%
Sloth Belphegor
82%
Envy Leviathan
82%
Lust Asmosdeus
7%
No matching quizzes found
Score Distribution
Percent of People with Each Score
Percentile by Number Answered
Your Score History
You have not taken this quiz